000
00287nam a2200145Ia 4500
100
_a
Stewart IAN
650
_a
General
942
_c
BK
654
_a
general
245
_a
Does God play Dice
260
_b
Penguin
_a
London
_c
1990
300
_a
310
546
_a
ENGLISH
999
_c
31918
_d
31918